[Event "Burlington Staunton Int"]
[Site "London, Chiswick House"]
[Date "1994.??.??"]
[Round "?"]
[White "Abbasi, Nasser M"]
[Black "Dive, Russell John"]
[Result "1-0"]
[WhiteElo "2275"]
[BlackElo "2315"]
[PlyCount "97"]
[EventDate "1994.10.??"]
[EventType "tourn"]
[EventRounds "15"]
[EventCountry "ENG"]
[SourceTitle "BritBase"]
[Source "John Saunders"]
[SourceDate "2023.06.01"]
[SourceVersion "1"]
[SourceVersionDate "2023.06.01"]
[SourceQuality "1"]

1. e4 Nf6 2. Nc3 d5 3. e5 Ne4 4. Nce2 f6 5. d3 Ng5 6. f4 Nf7 7. d4 fxe5 8. fxe5
c5 9. c3 cxd4 10. cxd4 Nc6 11. Nf4 e6 12. Nf3 Qb6 13. a3 Bd7 14. g3 O-O-O 15.
h4 g6 16. Bh3 Re8 17. b4 Rg8 18. Qd3 Bh6 19. Ne2 g5 20. hxg5 Nxg5 21. Bg2 Nxf3+
22. Bxf3 Bxc1 23. Rxc1 Kb8 24. Rxh7 Ne7 25. Rc5 Qd8 26. Bh5 Ref8 27. Bf7 Rh8
28. g4 b6 29. Rc3 Bb5 30. Qh3 Nc6 31. Bxe6 Rxh7 32. Qxh7 Rh8 33. Qg7 Qh4+ 34.
Kd2 Bc4 35. Rf3 Qh6+ 36. Qxh6 Rxh6 37. Rf8+ Kc7 38. Nf4 Nxd4 39. Bxd5 Bxd5 40.
Nxd5+ Kc6 41. Rf6+ Rxf6 42. Ne7+ Kd7 43. exf6 Ke6 44. Kd3 Nf3 45. Ke3 Ng5 46.
Nc8 a5 47. b5 Kxf6 48. Nxb6 Ne6 49. Ke4 1-0

[Event "Burlington Staunton Int"]
[Site "London, Chiswick House"]
[Date "1994.??.??"]
[Round "?"]
[White "Abbasi, Nasser M"]
[Black "Maduekwe, Chiedu"]
[Result "0-1"]
[WhiteElo "2275"]
[BlackElo "2235"]
[PlyCount "112"]
[EventDate "1994.10.??"]
[EventType "tourn"]
[EventRounds "15"]
[EventCountry "ENG"]
[SourceTitle "BritBase"]
[Source "John Saunders"]
[SourceDate "2023.06.01"]
[SourceVersion "1"]
[SourceVersionDate "2023.06.01"]
[SourceQuality "1"]

1. e4 e6 2. d4 d5 3. Nd2 dxe4 4. Nxe4 Bd7 5. Nf3 Bc6 6. Bd3 Nd7 7. O-O Ngf6 8.
Qe2 Be7 9. Bf4 O-O 10. Rad1 Bxe4 11. Bxe4 Nxe4 12. Qxe4 c6 13. c4 Qa5 14. a3
Nf6 15. Qe2 Rad8 16. Ne5 c5 17. dxc5 Qxc5 18. b4 Qc8 19. Be3 Qc7 20. Bd4 a5 21.
Qe3 Rd6 22. Rd3 axb4 23. axb4 Rfd8 24. Rfd1 Nd7 25. Qg3 f6 26. Nxd7 R6xd7 27.
Qxc7 Rxc7 28. c5 Rcd7 29. R3d2 e5 30. Bc3 Rxd2 31. Rxd2 Rxd2 32. Bxd2 Kf7 33.
f4 Ke6 34. Kf2 exf4 35. Bxf4 Kd5 36. g4 g6 37. Kf3 Bf8 38. h4 Be7 39. Bg3 Bf8
40. h5 Bh6 41. Be1 Bc1 42. hxg6 hxg6 43. Bh4 Bb2 44. Ke3 Kc4 45. Ke4 Bc3 46.
Bf2 Bxb4 47. Bd4 f5+ 48. gxf5 gxf5+ 49. Ke5 Bc3 50. Bxc3 Kxc3 51. Kxf5 Kd4 52.
Kf4 Kxc5 53. Ke3 Kc4 54. Kd2 Kb3 55. Kc1 b5 56. Kb1 b4 0-1

[Event "Burlington Staunton Int"]
[Site "London, Chiswick House"]
[Date "1994.??.??"]
[Round "?"]
[White "Abbasi, Nasser M"]
[Black "Britton, Richard L"]
[Result "0-1"]
[WhiteElo "2275"]
[BlackElo "2300"]
[PlyCount "108"]
[EventDate "1994.10.??"]
[EventType "tourn"]
[EventRounds "15"]
[EventCountry "ENG"]
[SourceTitle "BritBase"]
[Source "John Saunders"]
[SourceDate "2023.06.01"]
[SourceVersion "1"]
[SourceVersionDate "2023.06.01"]
[SourceQuality "1"]

1. e4 c5 2. Nf3 d6 3. d4 cxd4 4. Nxd4 Nf6 5. Nc3 a6 6. Bg5 e6 7. f4 Be7 8. Qf3
Qc7 9. O-O-O Nbd7 10. Bd3 h6 11. Bh4 g5 12. e5 gxh4 13. exf6 Nxf6 14. f5 e5 15.
Nde2 Bd7 16. Be4 Bc6 17. Nd5 Bxd5 18. Bxd5 Rc8 19. Nc3 b5 20. Bb3 Rg8 21. g3
Qc5 22. Nd5 Kf8 23. Nxf6 Bxf6 24. Qb7 Rc7 25. Qxa6 hxg3 26. hxg3 Rxg3 27. Qxd6+
Qxd6 28. Rxd6 Kg7 29. Kd1 e4 30. Ke2 Bg5 31. Rd5 Kf6 32. Rxb5 Re3+ 33. Kf2 Rf3+
34. Ke2 Re3+ 35. Kf2 Rf3+ 36. Ke2 Rxf5 37. a4 Rxb5 38. axb5 Ke5 39. c4 f5 40.
Rd1 Be7 41. b6 Rb7 42. Rd5+ Kf4 43. c5 Bxc5 44. Rxc5 Rxb6 45. Rc3 h5 46. Kd2 h4
47. Kc1 Rh6 48. Rh3 Kg4 49. Rh1 h3 50. Bc4 h2 51. Kd2 Kg3 52. Ke3 Kg2 53. Rxh2+
Kxh2 54. Kf4 Rh4+ 0-1

[Event "Burlington Staunton Int"]
[Site "London, Chiswick House"]
[Date "1994.??.??"]
[Round "?"]
[White "Anagnostopoulos, Dimitrios"]
[Black "Abbasi, Nasser M"]
[Result "0-1"]
[WhiteElo "2425"]
[BlackElo "2275"]
[PlyCount "106"]
[EventDate "1994.10.??"]
[EventType "tourn"]
[EventRounds "15"]
[EventCountry "ENG"]
[SourceTitle "BritBase"]
[Source "John Saunders"]
[SourceDate "2023.06.01"]
[SourceVersion "1"]
[SourceVersionDate "2023.06.01"]
[SourceQuality "1"]

1. d4 Nf6 2. c4 g6 3. Nc3 Bg7 4. Nf3 O-O 5. Bf4 d6 6. e3 Nc6 7. h3 Qe8 8. Nb5
Qd8 9. Be2 a6 10. Nc3 Qe8 11. O-O e5 12. Bh2 e4 13. Nd2 h5 14. Nd5 Nxd5 15.
cxd5 Ne7 16. Qb3 f5 17. Rfc1 Qd8 18. Rc2 Kh7 19. Rac1 c6 20. dxc6 bxc6 21. Qa3
Rf6 22. Bf4 Bh6 23. Bxh6 Kxh6 24. Nc4 Qc7 25. Qa5 Ra7 26. Qxc7 Rxc7 27. Na5 d5
28. h4 Bd7 29. g3 g5 30. hxg5+ Kxg5 31. f4+ exf3 32. Bxf3 Rd6 33. Rh2 Be8 34.
b4 Ng8 35. Rhc2 Nf6 36. a4 Re7 37. Kf2 Rde6 38. Rc3 Ng4+ 39. Bxg4 fxg4 40. Re1
Rf7+ 41. Kg2 Rf3 42. Nb3 Ref6 43. Re2 h4 44. gxh4+ Kxh4 45. Nd2 Rg3+ 46. Kh2
Bg6 47. Rg2 Rh3+ 48. Kg1 Re6 49. Rh2 Bh5 50. Nf1 Rf6 51. Rf2 Rxf2 52. Kxf2 g3+
53. Kg2 Bg6 0-1

[Event "Burlington Staunton Int"]
[Site "London, Chiswick House"]
[Date "1994.??.??"]
[Round "?"]
[White "Anagnostopoulos, Dimitrios"]
[Black "Dive, Russell John"]
[Result "1-0"]
[WhiteElo "2425"]
[BlackElo "2315"]
[PlyCount "81"]
[EventDate "1994.10.??"]
[EventType "tourn"]
[EventRounds "15"]
[EventCountry "ENG"]
[SourceTitle "BritBase"]
[Source "John Saunders"]
[SourceDate "2023.06.01"]
[SourceVersion "1"]
[SourceVersionDate "2023.06.01"]
[SourceQuality "1"]

1. e4 Nf6 2. e5 Nd5 3. d4 d6 4. Nf3 g6 5. Bc4 c6 6. O-O Bg7 7. exd6 Qxd6 8. h3
O-O 9. Re1 a5 10. a4 Na6 11. Nbd2 Qd8 12. Ne4 Re8 13. c3 Nac7 14. Bg5 Rb8 15.
Bb3 Nb6 16. Bf4 Nbd5 17. Bg3 Bf5 18. Nc5 b6 19. Bxd5 Qxd5 20. Bxc7 bxc5 21.
Bxb8 Rxb8 22. dxc5 Qxc5 23. Qe2 Bf6 24. Ne5 Qb6 25. b4 Qc7 26. bxa5 Ra8 27. a6
h5 28. a5 Kg7 29. f4 Be6 30. Kh1 Qc8 31. Qe3 Rxa6 32. Reb1 Qa8 33. Qc5 Bd5 34.
Kh2 g5 35. Nd7 gxf4 36. Nxf6 Kxf6 37. c4 Bxg2 38. Kxg2 Qg8+ 39. Kh1 Qg3 40.
Qxh5 Ra8 41. Rg1 1-0

[Event "Burlington Staunton Int"]
[Site "London, Chiswick House"]
[Date "1994.??.??"]
[Round "?"]
[White "Anagnostopoulos, Dimitrios"]
[Black "Holland, Christopher KD"]
[Result "1-0"]
[WhiteElo "2425"]
[BlackElo "2220"]
[PlyCount "67"]
[EventDate "1994.10.??"]
[EventType "tourn"]
[EventRounds "15"]
[EventCountry "ENG"]
[SourceTitle "BritBase"]
[Source "John Saunders"]
[SourceDate "2023.06.01"]
[SourceVersion "1"]
[SourceVersionDate "2023.06.01"]
[SourceQuality "1"]

1. d4 Nf6 2. c4 e6 3. Nc3 d5 4. Bg5 c6 5. e3 h6 6. Bh4 Nbd7 7. Nf3 Be7 8. Bd3
dxc4 9. Bxc4 b5 10. Bd3 Bb7 11. O-O O-O 12. a3 a6 13. b4 a5 14. Qb3 Nb6 15. e4
axb4 16. axb4 g5 17. Bg3 g4 18. Rxa8 Bxa8 19. Ne5 Qxd4 20. Rb1 Nbd7 21. Ne2 Qa7
22. Nxd7 Qxd7 23. Rd1 Rd8 24. e5 Nd5 25. Bb1 f5 26. exf6 Bxf6 27. Nf4 Qe7 28.
Nh5 Bg5 29. Qc2 Qf7 30. Qe4 Rd7 31. Qxg4 Kf8 32. h4 Bd8 33. Bg6 Qe7 34. Rd3 1-0

[Event "Burlington Staunton Int"]
[Site "London, Chiswick House"]
[Date "1994.??.??"]
[Round "?"]
[White "Anagnostopoulos, Dimitrios"]
[Black "McDonald, Neil R"]
[Result "1/2-1/2"]
[WhiteElo "2425"]
[BlackElo "2390"]
[PlyCount "52"]
[EventDate "1994.10.??"]
[EventType "tourn"]
[EventRounds "15"]
[EventCountry "ENG"]
[SourceTitle "BritBase"]
[Source "John Saunders"]
[SourceDate "2023.06.01"]
[SourceVersion "1"]
[SourceVersionDate "2023.06.01"]
[SourceQuality "1"]

1. d4 Nf6 2. c4 g6 3. Nc3 Bg7 4. e4 d6 5. Nf3 O-O 6. Be2 e5 7. O-O Nc6 8. d5
Ne7 9. Ne1 Nd7 10. Be3 f5 11. f3 Kh8 12. a4 Ng8 13. a5 Bh6 14. Bf2 Ngf6 15. b4
Nh5 16. Nd3 Ndf6 17. c5 Nf4 18. Nxf4 Bxf4 19. Qc2 Bd7 20. Rfe1 Rf7 21. c6 bxc6
22. dxc6 Be6 23. Bh4 Ng4 24. Bxd8 Be3+ 25. Kh1 Nf2+ 26. Kg1 Ng4+ 1/2-1/2

[Event "Burlington Staunton Int"]
[Site "London, Chiswick House"]
[Date "1994.??.??"]
[Round "?"]
[White "Anagnostopoulos, Dimitrios"]
[Black "O'Shaughnessy, Conor"]
[Result "0-1"]
[WhiteElo "2425"]
[BlackElo "2295"]
[PlyCount "74"]
[EventDate "1994.10.??"]
[EventType "tourn"]
[EventRounds "15"]
[EventCountry "ENG"]
[SourceTitle "BritBase"]
[Source "John Saunders"]
[SourceDate "2023.06.01"]
[SourceVersion "1"]
[SourceVersionDate "2023.06.01"]
[SourceQuality "1"]

1. e4 c5 2. Nf3 d6 3. d4 cxd4 4. Nxd4 Nf6 5. Nc3 a6 6. Bg5 e6 7. f4 Qc7 8. Qf3
b5 9. Bxf6 gxf6 10. O-O-O b4 11. Nce2 Bb7 12. Ng3 Nd7 13. Qh5 Nc5 14. Bc4 O-O-O
15. Rhe1 Kb8 16. Kb1 Bg7 17. f5 d5 18. exd5 exd5 19. Bd3 Bf8 20. Qh4 Bd6 21.
Qxf6 h5 22. Nf1 h4 23. h3 Ne4 24. Bxe4 Be5 25. Qg5 dxe4 26. Nb3 a5 27. Qe3 Rc8
28. Qf2 a4 29. Nd4 Qc5 30. Rd2 Rhd8 31. Red1 e3 32. Nxe3 Rxd4 33. Rd3 Rxd3 34.
Rxd3 Be4 35. Rd2 b3 36. Qe2 bxc2+ 37. Nxc2 Qb4 0-1

[Event "Burlington Staunton Int"]
[Site "London, Chiswick House"]
[Date "1994.??.??"]
[Round "?"]
[White "Beaumont, Chris R"]
[Black "Britton, Richard L"]
[Result "1/2-1/2"]
[WhiteElo "2365"]
[BlackElo "2300"]
[PlyCount "104"]
[EventDate "1994.10.??"]
[EventType "tourn"]
[EventRounds "15"]
[EventCountry "ENG"]
[SourceTitle "BritBase"]
[Source "John Saunders"]
[SourceDate "2023.06.01"]
[SourceVersion "1"]
[SourceVersionDate "2023.06.01"]
[SourceQuality "1"]

1. d4 Nf6 2. c4 g6 3. Nc3 Bg7 4. e4 d6 5. Be2 O-O 6. Nf3 e5 7. O-O Nc6 8. d5
Ne7 9. Nd2 Ne8 10. b4 f5 11. c5 Kh8 12. a4 Ng8 13. Nc4 Nh6 14. Ba3 f4 15. f3
Rg8 16. b5 dxc5 17. Bxc5 Nf7 18. a5 g5 19. b6 cxb6 20. axb6 a6 21. d6 Bf8 22.
Qd5 Qf6 23. Rad1 Qe6 24. Ba3 Nf6 25. Qd2 g4 26. fxg4 Ng5 27. Qd3 Bd7 28. Nd5
Nxd5 29. exd5 Qe8 30. Bb2 Bg7 31. Rde1 Rc8 32. Qd2 Nf7 33. Bd3 Bxg4 34. Rxf4
exf4 35. Rxe8 Rcxe8 36. Bxg7+ Rxg7 37. Qxf4 Bh3 38. g3 Ng5 39. Ne5 Rxe5 40.
Qf8+ Rg8 41. Qf6+ Rg7 42. Qd8+ Rg8 43. Qf6+ Rg7 44. Qd8+ Rg8 45. Qf6+ Rg7 46.
d7 Bxd7 47. Qf8+ Rg8 48. Qf6+ Rg7 49. Qf8+ Rg8 50. Qd6 Rg7 51. Qf8+ Rg8 52.
Qf6+ Rg7 1/2-1/2

[Event "Burlington Staunton Int"]
[Site "London, Chiswick House"]
[Date "1994.??.??"]
[Round "?"]
[White "Beaumont, Chris R"]
[Black "Abbasi, Nasser M"]
[Result "0-1"]
[WhiteElo "2365"]
[BlackElo "2275"]
[PlyCount "112"]
[EventDate "1994.10.??"]
[EventType "tourn"]
[EventRounds "15"]
[EventCountry "ENG"]
[SourceTitle "BritBase"]
[Source "John Saunders"]
[SourceDate "2023.06.01"]
[SourceVersion "1"]
[SourceVersionDate "2023.06.01"]
[SourceQuality "1"]

1. Nf3 Nf6 2. c4 g6 3. Nc3 Bg7 4. e4 d6 5. d4 O-O 6. Be2 e5 7. O-O Nc6 8. d5
Ne7 9. Ne1 Nd7 10. Be3 f5 11. f3 f4 12. Bf2 g5 13. a4 a5 14. Nd3 b6 15. Be1 Nf6
16. Nf2 h5 17. h3 Bd7 18. b4 axb4 19. Nb5 b3 20. Qxb3 Qc8 21. a5 Bh6 22. Ra3
Qb7 23. Bb4 Kh7 24. Rfa1 Nc8 25. axb6 Rxa3 26. Qxa3 Bxb5 27. cxb5 Qxb6 28. Qa5
Nd7 29. Rc1 Nc5 30. Qa3 Rf7 31. Bxc5 dxc5 32. Qxc5 Qxc5 33. Rxc5 Bf8 34. Rc1
Kg7 35. Nd3 Bd6 36. Nc5 Bxc5+ 37. Rxc5 Nd6 38. Bd3 Kf8 39. Rc6 Rd7 40. Kf2 h4
41. Ke1 Ke7 42. Kd2 Kd8 43. Ra6 Ke7 44. Kc3 Rd8 45. Ra7 Rd7 46. Kb4 c5+ 47.
dxc6 Rxa7 48. b6 Ra2 49. Kc5 Rxg2 50. b7 Rb2 51. Ba6 g4 52. fxg4 f3 53. c7
Nxb7+ 54. Bxb7 f2 55. Ba6 Rc2+ 56. Kb6 Kd6 0-1

[Event "Burlington Staunton Int"]
[Site "London, Chiswick House"]
[Date "1994.??.??"]
[Round "?"]
[White "Beaumont, Chris R"]
[Black "Olesen, Martin"]
[Result "1-0"]
[WhiteElo "2365"]
[BlackElo "2320"]
[PlyCount "89"]
[EventDate "1994.10.??"]
[EventType "tourn"]
[EventRounds "15"]
[EventCountry "ENG"]
[SourceTitle "StarBase 4.56"]
[SourceDate "2004.11.04"]
[SourceVersion "1"]
[SourceVersionDate "2004.11.04"]
[SourceQuality "2"]

1. Nf3 g6 2. c4 Bg7 3. Nc3 d6 4. d4 Nf6 5. e4 O-O 6. Be2 e5 7. O-O Na6 8. Be3
Ng4 9. Bg5 Qe8 10. h3 h6 11. Bc1 Nf6 12. dxe5 dxe5 13. Be3 Nh5 14. Re1 Nf4 15.
Bf1 Be6 16. Nd5 g5 17. Qb3 c6 18. Qxb7 cxd5 19. cxd5 Qc8 20. Qxa6 Bd7 21. Qxc8
Rfxc8 22. Rec1 f5 23. Nd2 fxe4 24. Nxe4 Nxd5 25. Rxc8+ Rxc8 26. Bxa7 Rc2 27. b3
Bc6 28. a4 Nf4 29. f3 Bf8 30. Bf2 Bb4 31. a5 Bxe4 32. fxe4 Bc3 33. Ra4 Rc1 34.
a6 Ne2+ 35. Kh2 Rxf1 36. a7 Rxf2 37. a8=Q+ Rf8 38. Qd5+ Kh8 39. Qd3 Rf2 40.
Ra8+ Kg7 41. Ra7+ Kg6 42. Ra6+ Kg7 43. Qd7+ Rf7 44. Qd6 Be1 45. Qxh6+ 1-0

[Event "Burlington Staunton Int"]
[Site "London, Chiswick House"]
[Date "1994.??.??"]
[Round "?"]
[White "Beaumont, Chris R"]
[Black "Dive, Russell John"]
[Result "1/2-1/2"]
[WhiteElo "2365"]
[BlackElo "2315"]
[PlyCount "25"]
[EventDate "1994.10.??"]
[EventType "tourn"]
[EventRounds "15"]
[EventCountry "ENG"]
[SourceTitle "BritBase"]
[Source "John Saunders"]
[SourceDate "2023.06.01"]
[SourceVersion "1"]
[SourceVersionDate "2023.06.01"]
[SourceQuality "1"]

1. c4 c5 2. Nc3 Nc6 3. g3 g6 4. Bg2 Bg7 5. Nf3 Nf6 6. O-O O-O 7. b3 b6 8. Bb2
Bb7 9. Rc1 Rc8 10. d4 Nxd4 11. Nxd4 Bxg2 12. Kxg2 cxd4 13. Qxd4 1/2-1/2

[Event "Burlington Staunton Int"]
[Site "London, Chiswick House"]
[Date "1994.??.??"]
[Round "?"]
[White "Beaumont, Chris R"]
[Black "Whiteley, Andrew Jonathan"]
[Result "1/2-1/2"]
[WhiteElo "2365"]
[BlackElo "2305"]
[PlyCount "87"]
[EventDate "1994.10.??"]
[EventType "tourn"]
[EventRounds "15"]
[EventCountry "ENG"]
[SourceTitle "BritBase"]
[Source "John Saunders"]
[SourceDate "2023.06.01"]
[SourceVersion "1"]
[SourceVersionDate "2023.06.01"]
[SourceQuality "1"]

1. Nf3 Nf6 2. c4 g6 3. Nc3 Bg7 4. e4 d6 5. d4 O-O 6. Be2 e5 7. O-O Nc6 8. d5
Ne7 9. Nd2 a5 10. a3 Nd7 11. Rb1 f5 12. b4 axb4 13. axb4 Nf6 14. c5 dxc5 15.
bxc5 fxe4 16. Ndxe4 Nxe4 17. Nxe4 Qxd5 18. Qxd5+ Nxd5 19. Bc4 c6 20. Nd6 Kh8
21. Bd2 Ra7 22. Ra1 Rxa1 23. Rxa1 e4 24. Ra8 Bf5 25. Rxf8+ Bxf8 26. Nxb7 Kg7
27. Bc1 Kf6 28. Bb2+ Ke6 29. h3 h5 30. Bd4 Kd7 31. Bb3 Nf4 32. Be3 Nd3 33. Ba4
Kc7 34. Na5 Bd7 35. Bc2 Nxc5 36. Bxc5 Bxc5 37. Bxe4 Be8 38. h4 Be7 39. g3 c5
40. Kg2 Bf6 41. f3 Bf7 42. Bd3 g5 43. hxg5 Bxg5 44. Nc4 1/2-1/2

[Event "Burlington Staunton Int"]
[Site "London, Chiswick House"]
[Date "1994.??.??"]
[Round "?"]
[White "Beaumont, Chris R"]
[Black "Maduekwe, Chiedu"]
[Result "1-0"]
[WhiteElo "2365"]
[BlackElo "2235"]
[PlyCount "73"]
[EventDate "1994.10.??"]
[EventType "tourn"]
[EventRounds "15"]
[EventCountry "ENG"]
[SourceTitle "BritBase"]
[Source "John Saunders"]
[SourceDate "2023.06.01"]
[SourceVersion "1"]
[SourceVersionDate "2023.06.01"]
[SourceQuality "1"]

1. c4 e6 2. d4 d5 3. Nf3 c6 4. Qc2 Nf6 5. g3 Be7 6. Bg2 O-O 7. O-O b6 8. Rd1
Bb7 9. Nc3 Nbd7 10. b3 Rc8 11. Bb2 Qc7 12. e4 Nxe4 13. Nxe4 dxe4 14. Qxe4 c5
15. d5 Nf6 16. Qe5 exd5 17. cxd5 Ne8 18. Qh5 Rd8 19. Ng5 Bxg5 20. Qxg5 f6 21.
Qg4 Bc8 22. Qh4 Nd6 23. Rac1 Rfe8 24. Bf3 Bf5 25. Re1 Rxe1+ 26. Rxe1 Re8 27.
Rxe8+ Nxe8 28. Qa4 Nd6 29. Bc1 b5 30. Qa6 Bd3 31. Be3 Qe7 32. Qc6 c4 33. h4 Nf5
34. Bc5 Qe1+ 35. Kh2 c3 36. Qc8+ Kf7 37. Bh5+ 1-0

[Event "Burlington Staunton Int"]
[Site "London, Chiswick House"]
[Date "1994.??.??"]
[Round "?"]
[White "Britton, Richard L"]
[Black "Holland, Christopher KD"]
[Result "1-0"]
[WhiteElo "2300"]
[BlackElo "2220"]
[PlyCount "57"]
[EventDate "1994.10.??"]
[EventType "tourn"]
[EventRounds "15"]
[EventCountry "ENG"]
[SourceTitle "BritBase"]
[Source "John Saunders"]
[SourceDate "2023.06.01"]
[SourceVersion "1"]
[SourceVersionDate "2023.06.01"]
[SourceQuality "1"]

1. e4 c5 2. Nf3 d6 3. d4 cxd4 4. Nxd4 Nf6 5. Nc3 g6 6. g3 Nc6 7. Nde2 Bg4 8.
Bg2 Bg7 9. h3 Bd7 10. O-O O-O 11. Be3 Rc8 12. f4 Qa5 13. Nd5 Nxd5 14. exd5 Nb4
15. c3 Na6 16. Kh2 Qb5 17. Qd2 Nc5 18. Nd4 Qd3 19. Qe1 a5 20. Rd1 Qa6 21. Qd2
b5 22. f5 b4 23. Bh6 bxc3 24. bxc3 Rfe8 25. Bxg7 Kxg7 26. Rde1 f6 27. fxg6 hxg6
28. Qf4 f5 29. Qg5 1-0

[Event "Burlington Staunton Int"]
[Site "London, Chiswick House"]
[Date "1994.??.??"]
[Round "?"]
[White "Britton, Richard L"]
[Black "Olesen, Martin"]
[Result "0-1"]
[WhiteElo "2300"]
[BlackElo "2320"]
[PlyCount "78"]
[EventDate "1994.10.??"]
[EventType "tourn"]
[EventRounds "15"]
[EventCountry "ENG"]
[SourceTitle "StarBase 4.56"]
[SourceDate "2004.11.04"]
[SourceVersion "1"]
[SourceVersionDate "2004.11.04"]
[SourceQuality "2"]

1. e4 c5 2. Nf3 d6 3. d4 cxd4 4. Nxd4 Nf6 5. Nc3 g6 6. Be3 Bg7 7. f3 O-O 8. Qd2
Nc6 9. Bc4 Bd7 10. O-O-O Ne5 11. Bb3 Qa5 12. Kb1 Rfc8 13. h4 b5 14. Ncxb5 Qxd2
15. Bxd2 Rab8 16. a4 a6 17. Na3 Be8 18. Ne2 Nfd7 19. Be3 Nb6 20. Bxb6 Rxb6 21.
Nc3 h5 22. Rhe1 Kf8 23. Nd5 Rb7 24. a5 Rc5 25. Ne3 Rxa5 26. Rd5 Rxd5 27. Bxd5
Rxb2+ 28. Kxb2 Nd3+ 29. Kb1 Nxe1 30. f4 Bd4 31. Nac4 Bb5 32. g3 e6 33. Bb7 Ng2
34. Nxg2 Bxc4 35. f5 e5 36. fxg6 fxg6 37. Bc8 a5 38. Bd7 Ke7 39. Bc6 Bf2 0-1

[Event "Burlington Staunton Int"]
[Site "London, Chiswick House"]
[Date "1994.??.??"]
[Round "?"]
[White "Britton, Richard L"]
[Black "Rayner, Francis"]
[Result "1-0"]
[WhiteElo "2300"]
[BlackElo "2285"]
[PlyCount "123"]
[EventDate "1994.10.??"]
[EventType "tourn"]
[EventRounds "15"]
[EventCountry "ENG"]
[SourceTitle "BritBase"]
[Source "John Saunders"]
[SourceDate "2023.06.01"]
[SourceVersion "1"]
[SourceVersionDate "2023.06.01"]
[SourceQuality "1"]

1. c4 e5 2. Nc3 Nc6 3. g3 d6 4. Bg2 Be6 5. d3 Qd7 6. h3 Nge7 7. Rb1 d5 8. b3 f6
9. f4 d4 10. Ne4 Nf5 11. Nf3 Bb4+ 12. Kf1 exf4 13. Bxf4 O-O 14. Kg1 Nd6 15. Nf2
Rae8 16. Qc1 Nf5 17. a3 Bd6 18. Bxd6 Qxd6 19. Ne4 Qd8 20. b4 Bc8 21. Kh2 Ne3
22. Re1 Qd7 23. Nf2 Ne7 24. c5 N7f5 25. g4 c6 26. Nh1 Qc7+ 27. Kg1 Nxg2 28.
Kxg2 Ne3+ 29. Kf2 h5 30. gxh5 Bxh3 31. Rg1 Qf4 32. Rg3 Bg4 33. Kg1 Bxh5 34. b5
Bxf3 35. Rxf3 Qg4+ 36. Rg3 Qxe2 37. bxc6 bxc6 38. Nf2 Qc2 39. Qxc2 Nxc2 40. Ne4
Re7 41. Kf2 Nxa3 42. Rbg1 Nb5 43. Rg6 Kh7 44. Kf3 a5 45. Nd6 Nxd6 46. cxd6 Re3+
47. Kf4 Rf7 48. Rxg7+ Rxg7 49. Rxg7+ Kxg7 50. d7 Rxd3 51. d8=Q a4 52. Qe7+ Kg8
53. Qxf6 Rd2 54. Qxc6 a3 55. Qa8+ Kf7 56. Qxa3 Ke6 57. Qa6+ Kd7 58. Ke5 d3 59.
Qb5+ Kc8 60. Qc5+ Kd7 61. Qa7+ Kc6 62. Qa4+ 1-0

[Event "Burlington Staunton Int"]
[Site "London, Chiswick House"]
[Date "1994.??.??"]
[Round "?"]
[White "Britton, Richard L"]
[Black "Whiteley, Andrew Jonathan"]
[Result "1-0"]
[WhiteElo "2300"]
[BlackElo "2305"]
[PlyCount "97"]
[EventDate "1994.10.??"]
[EventType "tourn"]
[EventRounds "15"]
[EventCountry "ENG"]
[SourceTitle "BritBase"]
[Source "John Saunders"]
[SourceDate "2023.06.01"]
[SourceVersion "1"]
[SourceVersionDate "2023.06.01"]
[SourceQuality "1"]

1. e4 e6 2. d3 c5 3. Nf3 Nc6 4. g3 Nge7 5. Bg2 g6 6. O-O Bg7 7. Re1 O-O 8. e5
d6 9. exd6 Qxd6 10. Nbd2 b6 11. Nc4 Qd8 12. a4 Ba6 13. Qe2 Rc8 14. c3 h6 15. h4
Nd5 16. Nfe5 Nxe5 17. Nxe5 Re8 18. Kh2 Rc7 19. a5 Bb7 20. Bd2 Nf6 21. axb6 axb6
22. Bxb7 Rxb7 23. c4 Rf8 24. b4 Nd7 25. Nc6 Qf6 26. b5 e5 27. Bc3 Qd6 28. Qf3
Rc7 29. Ra6 Re8 30. h5 gxh5 31. Kg2 Rcc8 32. Rh1 Nb8 33. Nxb8 Rxb8 34. Ra7 Re7
35. Rxe7 Qxe7 36. Rxh5 Rd8 37. Qe4 Qd7 38. Rxe5 f5 39. Qe1 Bxe5 40. Qxe5 Kh7
41. Qf6 Rg8 42. Be5 Rg5 43. Qxb6 Qxd3 44. Qb7+ Kg8 45. Qd5+ Qxd5+ 46. cxd5 f4
47. Bxf4 Rxd5 48. b6 Rd7 49. Bc7 1-0

[Event "Burlington Staunton Int"]
[Site "London, Chiswick House"]
[Date "1994.??.??"]
[Round "?"]
[White "Britton, Richard L"]
[Black "Anagnostopoulos, Dimitrios"]
[Result "0-1"]
[WhiteElo "2300"]
[BlackElo "2425"]
[PlyCount "76"]
[EventDate "1994.10.??"]
[EventType "tourn"]
[EventRounds "15"]
[EventCountry "ENG"]
[SourceTitle "BritBase"]
[Source "John Saunders"]
[SourceDate "2023.06.01"]
[SourceVersion "1"]
[SourceVersionDate "2023.06.01"]
[SourceQuality "1"]

1. e4 Nf6 2. e5 Nd5 3. d4 d6 4. Nf3 Bg4 5. Be2 e6 6. O-O Be7 7. h3 Bh5 8. Nh2
Bg6 9. Bd3 Bxd3 10. Qxd3 O-O 11. Nf3 Nc6 12. Qe2 Qd7 13. c4 Nb6 14. Rd1 d5 15.
c5 Nc8 16. a3 f6 17. Bf4 fxe5 18. Nxe5 Nxe5 19. Bxe5 Bf6 20. Nd2 Bxe5 21. Qxe5
Ne7 22. Nf3 Rxf3 23. gxf3 Ng6 24. Qg3 Rf8 25. Rd2 Nf4 26. Kh2 Rf5 27. Re1 Qf7
28. Re5 Rxe5 29. dxe5 Qf5 30. Rd1 Ne2 31. Qh4 h6 32. f4 Nxf4 33. Re1 Nxh3 34.
Re3 Nxf2 35. Kg2 Ne4 36. b4 Qxe5 37. Re2 Kh7 38. Qe7 Qg3+ 0-1

[Event "Burlington Staunton Int"]
[Site "London, Chiswick House"]
[Date "1994.??.??"]
[Round "?"]
[White "Carton, Niall"]
[Black "Anagnostopoulos, Dimitrios"]
[Result "1/2-1/2"]
[WhiteElo "2265"]
[BlackElo "2425"]
[PlyCount "118"]
[EventDate "1994.10.??"]
[EventType "tourn"]
[EventRounds "15"]
[EventCountry "ENG"]
[SourceTitle "BritBase"]
[Source "John Saunders"]
[SourceDate "2023.06.01"]
[SourceVersion "1"]
[SourceVersionDate "2023.06.01"]
[SourceQuality "1"]

1. e4 c5 2. Nf3 Nc6 3. d4 cxd4 4. Nxd4 Nf6 5. Nc3 d6 6. Be2 e5 7. Nf3 h6 8. h3
Be7 9. O-O O-O 10. Be3 a6 11. a4 Be6 12. Nd2 Na5 13. f4 exf4 14. Rxf4 Nd7 15.
Rf1 Bg5 16. Bxg5 Qxg5 17. Nf3 Qc5+ 18. Qd4 Nc6 19. Qxc5 dxc5 20. Rad1 Rad8 21.
Nd5 Nde5 22. Nxe5 Nxe5 23. Rd2 Rd7 24. Rfd1 Rfd8 25. Kf2 Kf8 26. Ke3 Bxd5 27.
Rxd5 Rxd5 28. Rxd5 Rxd5 29. exd5 Ke7 30. Ke4 Kd6 31. c4 g6 32. b3 f6 33. Kf4
Ke7 34. Ke3 a5 35. Kf4 b6 36. Ke3 f5 37. Bd1 g5 38. Be2 Kf6 39. g4 f4+ 40. Ke4
Nf7 41. Bf3 Nd6+ 42. Kd3 Ke5 43. Bg2 Ne8 44. Bh1 Nf6 45. Bf3 Nd7 46. Bg2 Nb8
47. Bh1 Na6 48. Bf3 Nc7 49. Bg2 Ne8 50. Bh1 f3 51. Bxf3 Kf4 52. Ke2 Kg3 53. Ke3
Nd6 54. Bd1 Kxh3 55. Bf3 Kg3 56. Bd1 Kg2 57. Bf3+ Kf1 58. Be2+ Ke1 59. Bf3 Kf1
1/2-1/2